Performing indigeneity:m spectacles of culture and identity in coloniality (Record no. 1229275)

MARC details
000 -LEADER
fixed length control field 00693nam a2200229Ia 4500
005 - DATE AND TIME OF LATEST TRANSACTION
control field 20241129111158.0
008 - FIXED-LENGTH DATA ELEMENTS--GENERAL INFORMATION
fixed length control field 241129s9999||||xx |||||||||||||| ||und||
020 ## - INTERNATIONAL STANDARD BOOK NUMBER
International Standard Book Number 978-0-7453-3859-0
037 ## - SOURCE OF ACQUISITION
Stock number TB
040 ## - CATALOGING SOURCE
Original cataloging agency CRL
Language of cataloging eng
Transcribing agency CRL
041 ## - LANGUAGE CODE
Language code of text/sound track or separate title eng
Source of code eng
084 ## - COLON CLASSIFICATION NUMBER
Classification number Y7:1.6 Q9
Assigning agency CRL
100 ## - MAIN ENTRY--PERSONAL NAME
Personal name Ndlovu Morgan Au.
9 (RLIN) 723540
245 #0 - TITLE STATEMENT
Title Performing indigeneity:m spectacles of culture and identity in coloniality
Statement of responsibility, etc. Ndlovu Morgan Au.
260 ## - PUBLICATION, DISTRIBUTION, ETC.
Place of publication, distribution, etc. London, UK
Name of publisher, distributor, etc. Pluto Press
Date of publication, distribution, etc. 2019
300 ## - PHYSICAL DESCRIPTION
Extent x,195p.
365 ## - TRADE PRICE
Price type code UKP
Price amount 50
490 ## - SERIES STATEMENT
Series statement Decolonial studies, postcolonial horizons
650 ## - SUBJECT ADDED ENTRY--TOPICAL TERM
Topical term or geographic name entry element SociologyRace
9 (RLIN) 726218
942 ## - ADDED ENTRY ELEMENTS (KOHA)
Koha item type Textbook
Classification part Y7:1.6 Q9
Holdings
Withdrawn status Lost status Damaged status Not for loan Home library Current library Date acquired Source of acquisition Cost, normal purchase price Inventory number Total Checkouts Full call number Barcode Date last seen Price effective from Koha item type
        Central Library Central Library 2024-11-29 Prajana Books 50.00 476 & 08/12/2023   Y7:1.6 Q9 CL1680075 2024-11-29 2024-11-29 Textbook
Copyright @ Delhi University Library System